[Event "WCPL:White Knights-Cardigan"]
[Site "?"]
[Date "2017.11.05"]
[Round "2.11"]
[White "Haigh, Tony"]
[Black "May, Adam J"]
[Result "0-1"]
[WhiteElo "1823"]
[BlackElo "1939"]
[PlyCount "62"]
[EventDate "2017.11.05"]
[EventCountry "WLS"]
[SourceDate "2017.10.24"]

1. d4 d5 2. Nf3 Nf6 3. c4 e6 4. Nc3 Bb4 5. Qc2 dxc4 6. e3 b5 7. Bd2 c6 8. Be2
Bb7 9. a4 a5 10. O-O Bxc3 11. Bxc3 Nbd7 12. Bd2 O-O 13. Ng5 h6 14. Ne4 Nxe4 15.
Qxe4 e5 16. dxe5 Nc5 17. Qc2 Nxa4 18. Bxc4 Nxb2 19. Bxf7+ Rxf7 20. Qxb2 b4 21.
e4 Qd3 22. Be3 Qxe4 23. Bb6 Re7 24. Rfe1 Qd5 25. Rad1 Qb5 26. Qb3+ Kh8 27. Rd8+
Rxd8 28. Bxd8 Re8 29. Bc7 c5 30. e6 Qc6 31. Bxa5 Qxg2# 0-1

[Event "WCPL:White Knights-Cardigan"]
[Site "?"]
[Date "2017.11.05"]
[Round "2.12"]
[White "Downey, Keith"]
[Black "Van Kemenade, Julie"]
[Result "1-0"]
[WhiteElo "1819"]
[BlackElo "1699"]
[PlyCount "69"]
[EventDate "2017.11.05"]
[EventCountry "WLS"]
[SourceDate "2017.10.24"]

1. c4 d6 2. d4 Nf6 3. Nc3 Nbd7 4. Nf3 e5 5. e4 g6 6. g3 Bg7 7. Bg2 O-O 8. O-O
Ne8 9. Bg5 f6 10. Be3 Qe7 11. Rc1 f5 12. Nd5 Qd8 13. Ng5 Ndf6 14. dxe5 dxe5 15.
f4 Nxd5 16. b3 h6 17. Nh3 fxe4 18. cxd5 Bxh3 19. Bxh3 exf4 20. Bxf4 Nd6 21. Qc2
Bd4+ 22. Kh1 g5 23. Bxd6 Rxf1+ 24. Rxf1 Qxd6 25. Qxe4 Bg7 26. Be6+ Kh8 27. Rf7
Qe5 28. Qg6 Qa1+ 29. Kg2 Qxa2+ 30. Rf2 Qa3 31. Bf5 Kg8 32. Qh7+ Kf8 33. Be6+
Ke7 34. Qxg7+ Kd6 35. Qd7+ 1-0

[Event "WCPL:Vale-Abergavenny"]
[Site "?"]
[Date "2017.11.05"]
[Round "2.13"]
[White "Morris, Charles F"]
[Black "Kett, Tim"]
[Result "0-1"]
[WhiteElo "2131"]
[BlackElo "2215"]
[PlyCount "84"]
[EventDate "2017.11.05"]
[EventCountry "WLS"]
[SourceDate "2017.10.24"]

1. Nf3 d5 2. g3 Nf6 3. Bg2 Bg4 4. Ne5 Bf5 5. c4 Nbd7 6. d4 c6 7. cxd5 cxd5 8.
Nc3 e6 9. Qa4 Be7 10. f3 O-O 11. e4 dxe4 12. fxe4 Bg6 13. Nxg6 hxg6 14. O-O e5
15. d5 Ng4 16. Bf3 Bc5+ 17. Kg2 Ne3+ 18. Bxe3 Bxe3 19. Bg4 Nf6 20. Bh3 Qb6 21.
Qb3 Qa6 22. Rad1 Rad8 23. Kf3 Bd4 24. Qb5 Qd6 25. Ne2 Bb6 26. Rc1 Nh7 27. Kg2
Ng5 28. Qd3 Qb4 29. Rc4 Qb5 30. b3 f5 31. Nc3 Qd7 32. exf5 Nxh3 33. Kxh3 gxf5
34. Rh4 e4 35. Qd1 Rf6 36. Qh5 Ba5 37. Nb1 f4+ 38. Qg4 Qxd5 39. gxf4 Qd3+ 40.
Kg2 e3 41. Qh3 Rg6+ 42. Kh1 Qe4+ 0-1

[Event "WCPL:Vale-Abergavenny"]
[Site "?"]
[Date "2017.11.05"]
[Round "2.14"]
[White "Ralphs, Nigel"]
[Black "Waterfield, John W"]
[Result "0-1"]
[WhiteElo "2031"]
[BlackElo "1947"]
[PlyCount "49"]
[EventDate "2017.11.05"]
[EventCountry "WLS"]
[SourceDate "2017.10.24"]

1. e4 c5 2. Nf3 d6 3. Bb5+ Nd7 4. d4 Ngf6 5. O-O a6 6. Bxd7+ Nxd7 7. Nc3 cxd4
8. Qxd4 e6 9. a4 b6 10. Bg5 f6 11. Be3 Be7 12. Qc4 Kf7 13. Nd5 Rb8 14. Nxe7
Qxe7 15. Nd4 Ne5 16. Qb3 Qc7 17. f4 Nc4 18. f5 Re8 19. fxe6+ Bxe6 20. Qc3 Rbc8
21. Bf4 Qb7 22. Rae1 Ne5 23. Qg3 Rc4 24. c3 Qc7 25. Bxe5 0-1

[Event "WCPL:Vale-Abergavenny"]
[Site "?"]
[Date "2017.11.05"]
[Round "2.15"]
[White "Powell, Lloyd"]
[Black "Heaven, Pete"]
[Result "1/2-1/2"]
[WhiteElo "2069"]
[BlackElo "2005"]
[PlyCount "63"]
[EventDate "2017.11.05"]
[EventCountry "WLS"]
[SourceDate "2017.10.24"]

1. d4 Nf6 2. Nf3 e6 3. c4 b6 4. g3 Bb7 5. Bg2 c5 6. O-O cxd4 7. Nxd4 Bxg2 8.
Kxg2 Be7 9. Nc3 O-O 10. e4 Nc6 11. Nxc6 dxc6 12. Bf4 Nd7 13. Qg4 f5 14. exf5
exf5 15. Qe2 Nc5 16. Rad1 Qe8 17. Rfe1 Bf6 18. Qf3 Qc8 19. b4 Bxc3 20. Qxc3 Ne4
21. Qb2 Qb7 22. f3 Nf6 23. Be5 Rae8 24. Bd6 Rxe1 25. Rxe1 Re8 26. Qxf6 gxf6 27.
Rxe8+ Kf7 28. Re7+ Qxe7 29. Bxe7 Kxe7 30. Kf2 Ke6 31. Ke3 Ke5 32. Kd3 1/2-1/2

[Event "WCPL:Vale-Abergavenny"]
[Site "?"]
[Date "2017.11.05"]
[Round "2.16"]
[White "Davis, Lee"]
[Black "Parry, Matthew"]
[Result "1/2-1/2"]
[WhiteElo "1937"]
[BlackElo "1902"]
[PlyCount "107"]
[EventDate "2017.11.05"]
[EventCountry "WLS"]
[SourceDate "2017.10.24"]
[WhiteTeam "The Vale"]
[BlackTeam "Abergavenny"]

1. d4 Nf6 2. g3 Nc6 3. Nf3 e6 4. Bg2 Be7 5. O-O O-O 6. c4 d5 7. cxd5 exd5 8.
Nc3 Nb4 9. Bf4 c6 10. Qb3 Na6 11. Rac1 Bd6 12. Bg5 h6 13. Bxf6 Qxf6 14. e4 dxe4
15. Nxe4 Qe7 16. Rfe1 Bb4 17. Nc3 Qd6 18. a3 Bxc3 19. bxc3 Nc7 20. a4 Be6 21.
Qb2 Rab8 22. Ne5 Rfd8 23. Rcd1 Bd5 24. Bh3 Ne6 25. f4 b5 26. Qe2 Re8 27. Qh5
Re7 28. Re3 bxa4 29. Rde1 Rbe8 30. Nxf7 Rxf7 31. f5 Rfe7 32. f6 gxf6 33. Bxe6+
Rxe6 34. Qg6+ Kf8 35. Qxh6+ Ke7 36. Rxe6+ Bxe6 37. Qg7+ Kd8 38. Qxf6+ Kc7 39.
c4 Bd7 40. Qxd6+ Kxd6 41. c5+ Kd5 42. Ra1 Bh3 43. Kf2 Kxd4 44. Rxa4+ Kxc5 45.
Rxa7 Kd4 46. Ra4+ Kc3 47. g4 c5 48. Ra3+ Kd2 49. Rxh3 c4 50. Rh7 Rf8+ 51. Kg3
Rc8 52. Rd7+ Ke3 53. Re7+ Kd2 54. Rd7+ 1/2-1/2

[Event "WCPL:Vale-Abergavenny"]
[Site "?"]
[Date "2017.11.05"]
[Round "2.17"]
[White "Adams, Mark"]
[Black "Thomas, Ben"]
[Result "1/2-1/2"]
[WhiteElo "1925"]
[BlackElo "1936"]
[PlyCount "56"]
[EventDate "2017.11.05"]
[EventCountry "WLS"]
[SourceDate "2017.10.24"]

1. e4 e5 2. Nf3 Nc6 3. Bb5 d6 4. O-O Nf6 5. d3 Be7 6. c3 O-O 7. Re1 Bg4 8. h3
Bh5 9. Nbd2 Nd7 10. Nf1 a6 11. Ba4 Nb6 12. Bb3 Na5 13. Bc2 Nc6 14. Ng3 Bg6 15.
Be3 Bh4 16. Nxh4 Qxh4 17. Qg4 Qxg4 18. hxg4 Nd7 19. Nf5 Rfe8 20. Nh4 Rad8 21.
Nxg6 hxg6 22. f3 Nf6 23. g3 d5 24. Rad1 d4 25. Bf2 Nh7 26. Kg2 Ng5 27. f4 Ne6
28. f5 Ng5 1/2-1/2

[Event "WCPL:Vale-Abergavenny"]
[Site "?"]
[Date "2017.11.05"]
[Round "2.18"]
[White "Taylor, Robert Graham"]
[Black "Miles, Richard"]
[Result "1-0"]
[WhiteElo "1907"]
[BlackElo "1980"]
[PlyCount "135"]
[EventDate "2017.11.05"]
[EventCountry "WLS"]
[SourceDate "2017.10.24"]

1. e4 c5 2. Nc3 a6 3. f4 b5 4. Nf3 e6 5. d3 Bb7 6. g3 b4 7. Ne2 d5 8. exd5 Bxd5
9. Bg2 Nf6 10. O-O Be7 11. c4 Bb7 12. h3 O-O 13. b3 Qc7 14. Bb2 Nc6 15. Qc2
Rfd8 16. Rad1 Rd7 17. Ne5 Nxe5 18. fxe5 Ne8 19. Nf4 Bxg2 20. Kxg2 Rad8 21. Kh2
g6 22. Qf2 Ng7 23. Nd5 Rxd5 24. cxd5 exd5 25. e6 f5 26. Bxg7 Kxg7 27. Rc1 Rc8
28. Rfe1 Qd6 29. Qe3 d4 30. Qe5+ Qxe5 31. Rxe5 Kf6 32. Rce1 Rc6 33. Kg2 Rb6 34.
Kf3 Rb8 35. g4 Rb6 36. h4 h6 37. gxf5 gxf5 38. R5e2 Rb8 39. Rg1 h5 40. Rg5 Rh8
41. Kg2 Rh6 42. Kh3 Rh8 43. Rf2 Kxe6 44. Rgxf5 Rh6 45. R5f4 Bd6 46. Re4+ Kd5
47. Rf5+ Kc6 48. Re2 Rg6 49. Rg5 Rh6 50. Kg2 Bf4 51. Rg8 Bd6 52. Ree8 Rf6 53.
Rh8 Rg6+ 54. Kf2 Bg3+ 55. Ke2 Bxh4 56. Rxh5 Bg5 57. Re5 Be3 58. Rxc5+ Kb6 59.
Kf3 Rf6+ 60. Rcf5 Rc6 61. Ke4 Bg1 62. Rh8 Kb7 63. Kd5 Rc7 64. Rhf8 Rc2 65.
R5f7+ Kb6 66. Rb8+ Ka5 67. Rf5 Rf2 68. Rg5 1-0

[Event "WCPL:Vale-Nidum"]
[Site "?"]
[Date "2018.01.21"]
[Round "3.1"]
[White "Phillips, Roy"]
[Black "Kett, Tim"]
[Result "0-1"]
[WhiteElo "2195"]
[BlackElo "2223"]
[PlyCount "64"]
[EventDate "2018.01.21"]
[EventCountry "WLS"]
[SourceDate "2017.10.24"]

1. e4 e5 2. Nf3 Nc6 3. d4 exd4 4. Bc4 Nf6 5. e5 d5 6. Bb5 Ne4 7. Nxd4 Bd7 8.
Bxc6 bxc6 9. O-O Bc5 10. f3 Ng5 11. f4 Ne4 12. Be3 O-O 13. Nd2 f5 14. Nxe4 fxe4
15. Qd2 Qe7 16. Nb3 Bxe3+ 17. Qxe3 g5 18. fxg5 Qxe5 19. c3 Bg4 20. Nc5 Rae8 21.
h3 Bc8 22. Rae1 Kg7 23. Nb3 Ba6 24. Rxf8 Rxf8 25. Qxa7 Qg3 26. Qd4+ Kg8 27. Rc1
e3 28. Qg4 Qf2+ 29. Kh2 e2 30. Qe6+ Kg7 31. Nd4 Qf4+ 32. Kh1 Qxc1+ 0-1

[Event "WCPL:Vale-Nidum"]
[Site "?"]
[Date "2018.01.21"]
[Round "3.2"]
[White "Liaskos, Leonidas"]
[Black "Musson, Adam J"]
[Result "1-0"]
[WhiteElo "2113"]
[BlackElo "2028"]
[PlyCount "71"]
[EventDate "2018.01.21"]
[EventCountry "WLS"]
[SourceDate "2017.10.24"]

1. e4 e5 2. Nf3 Nc6 3. c3 Nf6 4. d4 Nxe4 5. d5 Bc5 6. dxc6 Bxf2+ 7. Ke2 Bb6 8.
Qd5 Nf2 9. Bg5 f6 10. Be3 bxc6 11. Qc4 Nxh1 12. Nbd2 a5 13. Qh4 Ba6+ 14. c4 d5
15. Bxb6 cxb6 16. Rd1 O-O 17. Ke1 Qe7 18. cxd5 Bxf1 19. Kxf1 cxd5 20. Kg1 e4
21. Nd4 Qe5 22. Nb1 Rac8 23. Nc3 Rc4 24. Nde2 Rfc8 25. Qg4 h5 26. Qh3 R8c7 27.
Qe3 Qg5 28. Nf4 Qg4 29. Nce2 Rc2 30. Rxd5 g5 31. Qb3 Kh7 32. h3 Qc8 33. Kxh1
gxf4 34. Rxh5+ Kg7 35. Nxf4 Re7 36. Qg3+ 1-0

[Event "WCPL:Vale-Nidum"]
[Site "?"]
[Date "2018.01.21"]
[Round "3.3"]
[White "Morris, Gareth"]
[Black "Ralphs, Nigel"]
[Result "0-1"]
[WhiteElo "2061"]
[BlackElo "2018"]
[PlyCount "50"]
[EventDate "2018.01.21"]
[EventCountry "WLS"]
[SourceDate "2017.10.24"]

1. d4 d5 2. c4 c6 3. Nf3 Nf6 4. Nc3 dxc4 5. a4 Bf5 6. Ne5 Nbd7 7. Nxc4 Qc7 8.
g3 e5 9. dxe5 Nxe5 10. Bf4 Nfd7 11. Bg2 g5 12. Ne3 gxf4 13. Nxf5 O-O-O 14. Qc2
Nc5 15. gxf4 Ng6 16. e3 Nd3+ 17. Kf1 Ngxf4 18. exf4 Qxf4 19. Be4 Bc5 20. f3
Rhe8 21. Ne2 Rxe4 22. Nxf4 Rxf4 23. Qg2 Ne5 24. Ke2 Nxf3 25. Rhf1 Rd2# 0-1

[Event "WCPL:Vale-Nidum"]
[Site "?"]
[Date "2018.01.21"]
[Round "3.4"]
[White "Heaven, Pete"]
[Black "Saunders, Robert"]
[Result "1/2-1/2"]
[WhiteElo "2010"]
[BlackElo "2066"]
[PlyCount "43"]
[EventDate "2018.01.21"]
[EventCountry "WLS"]
[SourceDate "2017.10.24"]

1. e4 e5 2. Nf3 Nf6 3. Nxe5 d6 4. Nf3 Nxe4 5. Nc3 Nxc3 6. dxc3 Be7 7. Be3 Nc6
8. Qd2 Bf5 9. Bd3 Bxd3 10. Qxd3 Qd7 11. O-O-O Bf6 12. Rhe1 O-O-O 13. h3 Rde8
14. Bf4 h6 15. Nd4 Nxd4 16. Rxe8+ Rxe8 17. cxd4 Qe6 18. b3 Qe4 19. Qxe4 Rxe4
20. Be3 d5 21. c3 Kd7 22. Kc2 1/2-1/2

[Event "WCPL:Vale-Nidum"]
[Site "?"]
[Date "2018.01.21"]
[Round "3.5"]
[White "Jones, Ian Robert"]
[Black "Davis, Lee"]
[Result "0-1"]
[WhiteElo "1960"]
[BlackElo "1932"]
[PlyCount "116"]
[EventDate "2018.01.21"]
[EventCountry "WLS"]
[SourceDate "2017.10.24"]

1. e4 g6 2. d4 d6 3. c3 Nf6 4. Bd3 Bg7 5. f4 O-O 6. Nf3 Bg4 7. h3 Bxf3 8. Qxf3
c6 9. O-O Nbd7 10. e5 Nd5 11. Na3 Nc7 12. Nc2 a5 13. Bd2 dxe5 14. fxe5 Bxe5 15.
Bc4 e6 16. dxe5 Nxe5 17. Qe2 Nxc4 18. Bh6 Qh4 19. Bxf8 Rxf8 20. Nd4 Nb6 21. Qe5
Qe7 22. b3 f6 23. Qe1 e5 24. Kh1 Qc5 25. Nf3 Nbd5 26. c4 Nf4 27. Rd1 Nce6 28.
Rd7 Rf7 29. Rxf7 Kxf7 30. Qh4 Kg7 31. Rd1 Qe7 32. Qe1 Nc5 33. Kh2 Ncd3 34. Qxa5
e4 35. Ne1 Qd6 36. c5 Qe5 37. Nxd3 Nxd3+ 38. g3 Nxc5 39. Qd2 Nd3 40. Rf1 f5 41.
h4 Qd4 42. Qg5 Qf6 43. Qe3 Ne5 44. Kh1 Ng4 45. Qf4 Qd8 46. Re1 e3 47. Kg1 Qd3
48. Qf3 Qd2 49. Qe2 Qd6 50. Qf3 Qd4 51. Qe2 Qe4 52. Qb2+ Kh6 53. Qe2 c5 54. a4
b6 55. Qf1 Ne5 56. Kh2 Nf3+ 57. Kh3 Qg4+ 58. Kg2 Nxh4+ 0-1

[Event "WCPL:Vale-Nidum"]
[Site "?"]
[Date "2018.01.21"]
[Round "3.6"]
[White "Choo Yin, Benjamin"]
[Black "Gibbons, Andrew"]
[Result "0-1"]
[WhiteElo "1747"]
[BlackElo "1946"]
[PlyCount "100"]
[EventDate "2018.01.21"]
[EventCountry "WLS"]
[SourceDate "2017.10.24"]

1. c4 c5 2. Nc3 g6 3. g3 Bg7 4. Bg2 Nf6 5. Nf3 O-O 6. d4 cxd4 7. Nxd4 Nc6 8. e3
Qc7 9. O-O Nxd4 10. Qxd4 d6 11. Rb1 Be6 12. Bd2 Qxc4 13. Rbc1 Qxd4 14. exd4
Rac8 15. Rfd1 d5 16. Nb5 Rxc1 17. Rxc1 Bd7 18. Nc3 e6 19. Bf1 a6 20. b4 Rc8 21.
a4 Ne8 22. b5 axb5 23. Nxb5 Rxc1 24. Bxc1 Bxb5 25. Bxb5 Nd6 26. Bb2 Nf5 27. g4
Nxd4 28. Bxd4 Bxd4 29. a5 Kg7 30. Kg2 h5 31. h3 h4 32. a6 bxa6 33. Bxa6 g5 34.
Bd3 Kf6 35. Bh7 Ke5 36. Bg8 f6 37. f3 Bb6 38. Bh7 Kf4 39. Bg8 Ke5 40. Bh7 Kd4
41. Bg8 e5 42. Kf2 Kd3+ 43. Ke1 d4 44. Bb3 Ke3 45. Bd5 Kf4 46. Kf2 d3+ 47. Kg2
Ke3 48. Bc4 d2 49. Bb3 Ke2 50. Bc4+ Ke1 0-1

[Event "WCPL:White Knights-Cardiff"]
[Site "?"]
[Date "2018.01.21"]
[Round "3.7"]
[White "Toczek, Grzegorz"]
[Black "Pleasants, Allan J"]
[Result "1-0"]
[WhiteElo "2251"]
[BlackElo "2139"]
[PlyCount "69"]
[EventDate "2018.01.21"]
[EventCountry "WLS"]
[SourceDate "2017.10.24"]

1. d4 g6 2. c4 d6 3. g3 Bg7 4. Nf3 Nf6 5. Bg2 O-O 6. Nc3 c6 7. O-O Na6 8. h3
Nc7 9. e4 Nd7 10. Be3 e5 11. d5 c5 12. Qd2 f5 13. Bg5 Nf6 14. Rae1 Bd7 15. Nh2
b5 16. f4 b4 17. Nd1 Qc8 18. fxe5 dxe5 19. Qe3 f4 20. gxf4 exf4 21. Qxc5 Nh5
22. Rf3 Na6 23. Qxc8 Bd4+ 24. Nf2 Raxc8 25. b3 Nc5 26. Nhg4 Rce8 27. Kh2 Kh8
28. e5 Rf5 29. e6 Nxe6 30. dxe6 Bc6 31. h4 Bxf3 32. Bxf3 Ng7 33. Rd1 Bxf2 34.
Nxf2 Rxe6 35. Bg4 1-0

[Event "WCPL:White Knights-Cardiff"]
[Site "?"]
[Date "2018.01.21"]
[Round "3.8"]
[White "Young, Alan"]
[Black "Bullen, Alex"]
[Result "1/2-1/2"]
[WhiteElo "2023"]
[BlackElo "2098"]
[PlyCount "120"]
[EventDate "2018.01.21"]
[EventCountry "WLS"]
[SourceDate "2017.10.24"]

1. e4 c6 2. c4 d5 3. cxd5 cxd5 4. exd5 Nf6 5. Nc3 Nxd5 6. Nf3 Nc6 7. Bb5 e6 8.
O-O Be7 9. d4 O-O 10. Re1 Bd7 11. Bd3 Nf6 12. a3 Rc8 13. Bg5 Qa5 14. Bc2 Rfd8
15. Qd3 g6 16. Rad1 Be8 17. Qe3 Qb6 18. b4 Qc7 19. Bf4 Bd6 20. Bxd6 Qxd6 21.
Bb3 Ne7 22. Rd3 Ned5 23. Bxd5 Nxd5 24. Qd2 Nxc3 25. Rxc3 Rxc3 26. Qxc3 Bc6 27.
h3 Qf4 28. Rd1 Bxf3 29. Qxf3 Qxf3 30. gxf3 Rd5 31. Rc1 Rxd4 32. Rc7 Rd6 33.
Rxb7 Ra6 34. b5 Rxa3 35. Kg2 Kg7 36. Kg3 e5 37. Kg2 Kf6 38. Rc7 Ke6 39. Rb7 h6
40. Rc7 f6 41. Rb7 Kf5 42. Rf7 Ra4 43. Kg3 Rb4 44. Rb7 Rb3 45. Kg2 Kf4 46. h4
Kf5 47. Rxa7 Rxb5 48. Rh7 h5 49. Rh6 Rb4 50. Kg3 Rf4 51. Rh7 g5 52. Rxh5 Kg6
53. Rh8 gxh4+ 54. Rxh4 Rxh4 55. Kxh4 Kf5 56. Kh5 Kf4 57. Kg6 Kxf3 58. Kxf6 e4
59. Kf5 e3 60. fxe3 Kxe3 1/2-1/2

[Event "WCPL:White Knights-Cardiff"]
[Site "?"]
[Date "2018.01.21"]
[Round "3.9"]
[White "Brown, Thomas"]
[Black "Garcia, Jason"]
[Result "1-0"]
[WhiteElo "2064"]
[BlackElo "2046"]
[PlyCount "115"]
[EventDate "2018.01.21"]
[EventCountry "WLS"]
[SourceDate "2017.10.24"]

1. d4 d5 2. c4 e6 3. Nc3 Bb4 4. cxd5 exd5 5. Qb3 Nc6 6. Nf3 Nf6 7. Bg5 h6 8.
Bxf6 Qxf6 9. e3 Qd6 10. Bb5 Bd7 11. O-O Bxc3 12. Qxc3 O-O 13. Bxc6 Bxc6 14.
Rfc1 Rfc8 15. Qc5 Qe6 16. Ne5 Be8 17. b4 b6 18. Qc3 a5 19. a3 Bb5 20. a4 axb4
21. Qxb4 Be8 22. a5 bxa5 23. Rxa5 Rxa5 24. Qxa5 c6 25. Qa6 Rb8 26. h3 Qc8 27.
Qxc8 Rxc8 28. Rc5 f6 29. Nd3 Rb8 30. Ra5 Rb7 31. Nc5 Re7 32. Ra8 Kf7 33. Kf1
Rc7 34. Ke2 Ke7 35. Kd2 h5 36. Kc3 g5 37. Kb4 Bd7 38. Ka5 Rc8 39. Ra7 Rd8 40.
Rc7 Ke8 41. Nxd7 Rxd7 42. Kb6 Rd8 43. Kxc6 Rb8 44. Kxd5 Rb2 45. Ke6 Kd8 46.
Rd7+ Kc8 47. Rf7 Rxf2 48. Rf8+ Kb7 49. Rxf6 Rxg2 50. e4 g4 51. hxg4 hxg4 52.
Rg6 g3 53. e5 Rg1 54. d5 g2 55. d6 Kc6 56. d7 Kc7 57. Ke7 Rd1 58. e6 1-0

[Event "WCPL:White Knights-Cardiff"]
[Site "?"]
[Date "2018.01.21"]
[Round "3.10"]
[White "Bevan, Peter M"]
[Black "Sivarajasingam, Shayanna"]
[Result "0-1"]
[WhiteElo "1951"]
[BlackElo "1700"]
[PlyCount "84"]
[EventDate "2018.01.21"]
[EventCountry "WLS"]
[SourceDate "2017.10.24"]

1. c4 e6 2. g3 d5 3. Nf3 Nf6 4. d4 Be7 5. Bg2 O-O 6. O-O dxc4 7. Qc2 a6 8. Qxc4
b5 9. Qc2 Bb7 10. Bd2 Ra7 11. Ne5 Bxg2 12. Kxg2 Qxd4 13. Be3 Qd5+ 14. Kg1 c5
15. Nd3 Rc7 16. Nc3 Qf5 17. Bf4 Rd7 18. e4 Nxe4 19. Ne5 Rd4 20. Nf3 Rc4 21.
Rae1 Nxg3 22. Qxf5 Nxf5 23. Bxb8 Rxb8 24. Ne5 Rh4 25. Nc6 Rc8 26. Nxe7+ Nxe7
27. Rd1 Rd4 28. Ne2 Rxd1 29. Rxd1 Nd5 30. Kf1 Kf8 31. Ng3 c4 32. Ne4 Ke7 33. a3
f5 34. Nc3 Nxc3 35. bxc3 Rd8 36. Rxd8 Kxd8 37. f4 Kd7 38. Kf2 Kd6 39. Ke3 Kd5
40. h4 e5 41. fxe5 Kxe5 42. Kf3 f4 0-1

[Event "WCPL:White Knights-Cardiff"]
[Site "?"]
[Date "2018.01.21"]
[Round "3.11"]
[White "Sivarajasingam, Venetia"]
[Black "May, Adam J"]
[Result "0-1"]
[WhiteElo "1731"]
[BlackElo "1946"]
[PlyCount "84"]
[EventDate "2018.01.21"]
[EventCountry "WLS"]
[SourceDate "2017.10.24"]

1. e4 c6 2. d4 d5 3. Nc3 dxe4 4. Nxe4 Bf5 5. Ng3 Bg6 6. h4 h6 7. Nf3 Nd7 8. h5
Bh7 9. Bd3 Bxd3 10. Qxd3 e6 11. Bf4 Qa5+ 12. Bd2 Bb4 13. c3 Be7 14. c4 Qc7 15.
Rc1 Ngf6 16. Qe2 O-O 17. Bc3 Rad8 18. O-O Rfe8 19. Ne5 a5 20. Rfe1 Bb4 21. c5
Bxc3 22. Rxc3 Nxe5 23. dxe5 Nd5 24. Rf3 Rd7 25. Qc4 b5 26. Qg4 Kh7 27. Qe4+ Kh8
28. Qg4 Nb4 29. Qe4 Red8 30. Rfe3 Rd4 31. Qb1 Nd3 32. Rd1 Nxe5 33. Rxd4 Rxd4
34. Ne4 Ng4 35. Rg3 Qf4 36. f3 Qe3+ 37. Kh1 Qe2 38. Nc3 Nf2+ 39. Kg1 Qe3 40.
Kf1 Rh4 41. Ne2 Rh1+ 42. Ng1 Nd3 0-1

[Event "WCPL:White Knights-Cardiff"]
[Site "?"]
[Date "2018.01.21"]
[Round "3.12"]
[White "Buttell, David"]
[Black "Harle, Bill"]
[Result "1/2-1/2"]
[WhiteElo "1782"]
[BlackElo "1782"]
[PlyCount "158"]
[EventDate "2018.01.21"]
[EventCountry "WLS"]
[SourceDate "2017.10.24"]

1. d4 d5 2. c4 e6 3. Nc3 Nf6 4. Bg5 Be7 5. cxd5 Nxd5 6. Bxe7 Nxe7 7. e3 Nd7 8.
Bd3 Nf6 9. Nge2 a6 10. Qc2 Bd7 11. O-O Bc6 12. b4 Ned5 13. a3 h6 14. Rac1 O-O
15. Na4 Bxa4 16. Qxa4 c6 17. Qc2 Rc8 18. Ng3 Ne7 19. Ne4 Nxe4 20. Bxe4 f5 21.
Bd3 Nd5 22. Bc4 Kh8 23. Qb2 Qd6 24. Bxd5 exd5 25. g3 Qe6 26. a4 Rf7 27. b5 axb5
28. axb5 g5 29. bxc6 bxc6 30. Rfe1 g4 31. Qe2 Qe4 32. Qf1 Kg7 33. Qg2 Qxg2+ 34.
Kxg2 h5 35. Rc5 Rfc7 36. h3 Kg6 37. Rec1 Kf6 38. hxg4 hxg4 39. Rh1 Rg7 40. Rh6+
Rg6 41. Rh7 Ke6 42. Ra7 Kd6 43. Rf7 Ke6 44. Rh7 Kd6 45. Ra5 Rc7 46. Rh8 Rf6 47.
Ra1 Rb7 48. Rah1 Rbf7 49. R1h6 Ke7 50. Rxf6 Rxf6 51. Kf1 Kd6 52. Ke2 Kc7 53.
Kd3 Kb6 54. Kc3 Rf7 55. Kb4 Rf6 56. Rb8+ Kc7 57. Ra8 Kb7 58. Ra2 Kb6 59. Rb2
Rh6 60. Ka4+ Kc7 61. Ka5 Rh1 62. Kb4 Kb6 63. Kc3+ Kc7 64. Kd3 Rh2 65. Ke2 Rh6
66. Rb1 Rh2 67. Rb2 Rh6 68. Kf1 Re6 69. Kg2 Re7 70. Rb3 Kd6 71. Rb1 Re6 72. Rh1
Rg6 73. Rh5 Ke6 74. f3 Kf6 75. Kf2 Ke6 76. Rh7 Kd6 77. Rf7 Ke6 78. Rf8 Rg7 79.
Rh8 Rg6 1/2-1/2

[Event "WCPL:Abergavenny-Cardigan"]
[Site "?"]
[Date "2018.01.21"]
[Round "3.13"]
[White "Williams, A. Howard"]
[Black "Zeidler, Sven P."]
[Result "1-0"]
[WhiteElo "2267"]
[BlackElo "2168"]
[PlyCount "97"]
[EventDate "2018.01.21"]
[EventCountry "WLS"]
[SourceDate "2017.10.24"]

1. d4 f5 2. g3 Nf6 3. Bg2 g6 4. c4 Bg7 5. Nf3 O-O 6. Nc3 d6 7. O-O c6 8. Rb1
Na6 9. b4 Nc7 10. Bb2 Qe8 11. d5 cxd5 12. cxd5 h6 13. Nd4 g5 14. e3 f4 15. exf4
gxf4 16. Re1 fxg3 17. fxg3 Ng4 18. Ne6 Nxe6 19. dxe6 Ne5 20. Nd5 Rb8 21. Bxe5
Bxe5 22. Qg4+ Kh8 23. Be4 Rg8 24. Qh4 h5 25. Qxe7 Qxe7 26. Nxe7 Bxe6 27. Nxg8
Rxg8 28. Rbc1 h4 29. Rc7 Rg4 30. Rh7+ Kg8 31. Rxh4 Rxh4 32. gxh4 Bxa2 33. Bxb7
Bc3 34. Re2 Bc4 35. Re8+ Kg7 36. Rc8 d5 37. b5 Bd4+ 38. Kg2 Bb6 39. Kf3 Bb3 40.
Kf4 d4 41. Be4 Bf7 42. Ke5 Bh5 43. Bd3 Bg4 44. Rc1 Kh6 45. Rc6+ Kh5 46. Kf4 Bd8
47. h3 Bd1 48. Rc8 Bf6 49. Rc7 1-0

[Event "WCPL:Abergavenny-Cardigan"]
[Site "?"]
[Date "2018.01.21"]
[Round "3.14"]
[White "May, Frank"]
[Black "Durand-Le Ludec, Brendan-Budok"]
[Result "1/2-1/2"]
[WhiteElo "2094"]
[BlackElo "2157"]
[PlyCount "100"]
[EventDate "2018.01.21"]
[EventCountry "WLS"]
[SourceDate "2017.10.24"]

1. Nf3 Nf6 2. c4 g6 3. g3 Bg7 4. Bg2 O-O 5. O-O d6 6. d4 Bf5 7. Nc3 Ne4 8. Nh4
Nxc3 9. bxc3 Bc8 10. a4 c5 11. Rb1 Qc7 12. dxc5 Qxc5 13. Bxb7 Bxb7 14. Rxb7 Nc6
15. Qd5 Rab8 16. Qxc5 dxc5 17. Rb5 Bxc3 18. Bh6 Rfc8 19. Rfb1 Rxb5 20. cxb5 Na5
21. Nf3 Bg7 22. Bd2 Nc4 23. Rc1 Nb2 24. a5 c4 25. Bc3 Bxc3 26. Rxc3 Rb8 27. Nd4
e5 28. Nc6 Rxb5 29. a6 Rb6 30. Nxe5 Rxa6 31. Rc2 Re6 32. Nxf7 Kxf7 33. Rxb2 c3
34. Rc2 Rc6 35. Kf1 Ke6 36. Ke1 Kd5 37. Kd1 a5 38. Ra2 Rc5 39. Kc2 h5 40. h4
Kd4 41. Ra4+ Rc4 42. e3+ Kd5 43. Rxa5+ Ke4 44. Ra6 Kf3 45. Rf6+ Kg2 46. Rf4 Rc6
47. e4 Rc5 48. Rf6 Re5 49. Rf4 Rc5 50. Rf6 Re5 1/2-1/2

[Event "WCPL:Abergavenny-Cardigan"]
[Site "?"]
[Date "2018.01.21"]
[Round "3.15"]
[White "Jones, Iolo C"]
[Black "Waterfield, John W"]
[Result "1-0"]
[WhiteElo "2203"]
[BlackElo "1925"]
[PlyCount "45"]
[EventDate "2018.01.21"]
[EventCountry "WLS"]
[SourceDate "2017.10.24"]

1. d4 Nf6 2. Nf3 c5 3. d5 g6 4. Nc3 Bg7 5. e4 d6 6. Be2 O-O 7. O-O e6 8. Bg5 h6
9. Bf4 Nh5 10. Be3 e5 11. Qd2 Nf4 12. Bxf4 exf4 13. Qxf4 a6 14. a4 f5 15. exf5
Bxf5 16. Qd2 b6 17. Nd1 Nd7 18. Ne3 Be4 19. Ne1 Kh7 20. c3 Qg5 21. Rd1 Ne5 22.
f3 Bf5 23. f4 1-0

[Event "WCPL:Abergavenny-Cardigan"]
[Site "?"]
[Date "2018.01.21"]
[Round "3.16"]
[White "Adams, Mark"]
[Black "Heap, Gerry"]
[Result "1/2-1/2"]
[WhiteElo "1927"]
[BlackElo "2090"]
[PlyCount "89"]
[EventDate "2018.01.21"]
[EventCountry "WLS"]
[SourceDate "2017.10.24"]

1. e4 c5 2. Nf3 d6 3. d4 cxd4 4. Nxd4 Nf6 5. f3 Nc6 6. c4 g6 7. Be3 Bg7 8. Qd2
O-O 9. Nc3 Qa5 10. Be2 Nxd4 11. Bxd4 Be6 12. Rd1 Rfc8 13. b3 a6 14. Na4 Qxd2+
15. Rxd2 Nd7 16. O-O Bh6 17. Rdd1 Rc7 18. f4 f5 19. exf5 Bxf5 20. Bf3 Nf6 21.
Bxf6 exf6 22. Rxd6 Re8 23. g3 b5 24. Nb2 Bf8 25. Rxa6 Bh3 26. Rd1 Bc5+ 27. Kh1
Rd7 28. Ra8 Rxa8 29. Bxa8 Ra7 30. Bd5+ Kg7 31. Nd3 Bd4 32. Nc1 Bb2 33. cxb5 Rd7
34. Nd3 Bg4 35. Bc6 Rd6 36. Rb1 Bd4 37. h4 Bf5 38. Rd1 Re6 39. Nb4 Bc5 40. Na6
Bf2 41. Bf3 Bxg3 42. a4 Bxf4 43. Kg2 Re3 44. Nc5 Rc3 45. b4 1/2-1/2

[Event "WCPL:Abergavenny-Cardigan"]
[Site "?"]
[Date "2018.01.21"]
[Round "3.17"]
[White "Van Kemenade, Rudy"]
[Black "Llewellyn, David"]
[Result "1-0"]
[WhiteElo "1969"]
[BlackElo "1828"]
[PlyCount "67"]
[EventDate "2018.01.21"]
[EventCountry "WLS"]
[SourceDate "2017.10.24"]

1. e4 c5 2. Nf3 d6 3. Bb5+ Nd7 4. O-O Ngf6 5. Re1 a6 6. Bf1 Ne5 7. h3 b6 8. c3
Bb7 9. d4 Nxf3+ 10. Qxf3 g6 11. d5 Bg7 12. c4 b5 13. cxb5 O-O 14. Nc3 Nd7 15.
Qg3 axb5 16. Bxb5 Ba6 17. Bxd7 Qxd7 18. Bf4 Rfb8 19. b3 c4 20. bxc4 Bxc4 21.
Rab1 Rc8 22. e5 Bxa2 23. Nxa2 Rxa2 24. exd6 exd6 25. Bxd6 Bd4 26. Rf1 Rd8 27.
Bc7 Re8 28. Rbd1 Ba7 29. Be5 Qf5 30. Bd4 Bb8 31. d6 Ra6 32. Bb2 Rd8 33. Qc3 f6
34. Qc4+ 1-0